000 00697nam a2200289Ia 4500
005 20260324125214.0
008 008 260324s9999 xx 000 0 eng d
020 _a9781315599274
037 _aEBOOK
040 _aCRL
040 _beng
040 _cCRL
041 _2eng
041 _aeng
084 _qCRL
100 _aRachel Burnett
_91177095
245 0 _aOutsourcing IT - The Legal Aspects
245 0 _bPlanning, Contracting, Managing and the Law
260 _bTaylor and Francis
260 _c2009
365 _a
365 _b220
856 _uhttp://www.taylorfrancis.com/books/9781315599274
942 _cEBOOK
999 _c1772139
_d1772139